000 00401nam a2200157Ia 4500
008 240729s9999 xx 000 0 und d
022 _a2651-2823
245 0 _aEuropean Oral Research
260 _aTürkiye
260 _bIstanbul University
650 _a Dentistry
650 _aMedicine
856 _uhttps://doaj.org/toc/a93291be703d4f4ab14f13f90da78a80
942 _2ddc
942 _cDOAJEJ
999 _c66365
_d66365
945 _a1
_bMadushi Gamage
_c1
_dMadushi Gamage